[Event "Gelsenkirchen Koenigsspringer op"]
[Site "Gelsenkirchen"]
[Date "2019.12.28"]
[Round "3"]
[White "Hanke, Stefan"]
[Black "Brock, Udo"]
[Result "1-0"]
[WhiteElo "1941"]
[BlackElo "1753"]
[PlyCount "53"]
[EventDate "2019.12.27"]
[EventType "swiss"]
[EventRounds "7"]
[EventCountry "GER"]
[SourceTitle "CBM 194 Extra"]
[Source "ChessBase"]
[SourceDate "2020.03.31"]
[SourceVersion "1"]
[SourceVersionDate "2020.03.31"]
[SourceQuality "1"]

1. d4 e6 2. c4 d5 3. Nc3 Nf6 4. cxd5 exd5 5. Bg5 Be7 6. Qc2 c6 7. e3 0-0 8. Bd3 Nbd7 9. Nge2 Re8 10. 0-0 Nf8 11. f3 Nh5 12. Bxe7 Rxe7 13. e4 g6 14. e5 Ng7 15. f4 Bf5 16. Rad1 Qd7 17. Ng3 Bg4 18. Rd2 Nf5 19. Nxf5 Bxf5 20. Ne2 Rae8 21. Bxf5 gxf5 22. Ng3 Re6 23. Nxf5 Rg6 24. Nd6 Rxd6 25. exd6 Qxd6 26. f5 Re4 27. Qb3 1-0

[Event "Gelsenkirchen Silvester op 4th"]
[Site "Gelsenkirchen"]
[Date "2016.12.27"]
[Round "1"]
[White "Hanke, Stefan"]
[Black "Siegert, Robert"]
[Result "1-0"]
[WhiteElo "1923"]
[BlackElo "1630"]
[PlyCount "85"]
[EventDate "2016.12.27"]
[EventType "swiss"]
[EventRounds "5"]
[EventCountry "GER"]
[SourceTitle "EXT 2019"]
[Source "ChessBase"]
[SourceDate "2018.10.10"]
[SourceVersion "1"]
[SourceVersionDate "2018.10.10"]
[SourceQuality "1"]

1. d4 d5 2. c4 e6 3. Nc3 Nf6 4. cxd5 exd5 5. Bg5 Be7 6. Qc2 h6 7. Bh4 Nc6 8. e3 a6 9. a3 Bg4 10. Bd3 Nd7 11. Bg3 Nb6 12. h3 Be6 13. Nge2 Bd6 14. 0-0 Ne7 15. Rfd1 Qd7 16. Bxd6 Qxd6 17. Nf4 c6 18. Nxe6 Qxe6 19. Qb3 Nd7 20. Qxb7 0-0 21. Qb3 Rfb8 22. Qc2 c5 23. dxc5 Nxc5 24. b4 Nxd3 25. Qxd3 Rd8 26. Ne2 Rac8 27. Nd4 Qf6 28. Rac1 g6 29. a4 Rb8 30. b5 axb5 31. axb5 Rb6 32. Rc5 Ra8 33. Qc2 Qd6 34. Qc3 Ra2 35. Nf3 Qb8 36. Rb1 Qd6 37. Qd4 Qb8 38. Qe5 Qf8 39. Qc7 Rb8 40. b6 Rc8 41. Qxe7 Qxe7 42. Rxc8+ Kg7 43. b7 1-0

[Event "Schwert von Luelsdorf op 27th"]
[Site "Niederkassel"]
[Date "2016.09.04"]
[Round "1"]
[White "Epishin, Vladimir"]
[Black "Hanke, Stefan"]
[Result "1-0"]
[WhiteElo "2569"]
[BlackElo "1923"]
[PlyCount "51"]
[EventDate "2016.09.04"]
[EventType "swiss (rapid)"]
[EventRounds "9"]
[EventCountry "GER"]
[SourceTitle "CBM 174 Extra"]
[Source "ChessBase"]
[SourceDate "2016.10.10"]
[SourceVersion "1"]
[SourceVersionDate "2016.10.10"]
[SourceQuality "1"]

1. d4 Nf6 2. Nf3 d5 3. c4 e6 4. Bg5 Be7 5. e3 0-0 6. Nbd2 h6 7. Bh4 c6 8. Bd3 Nbd7 9. 0-0 b6 10. Qe2 Bb7 11. Rfd1 Ne4 12. Bxe7 Qxe7 13. Nxe4 dxe4 14. Bxe4 Rac8 15. Ne1 Nf6 16. Bf3 c5 17. b3 Ne4 18. Qc2 f5 19. Nd3 cxd4 20. exd4 b5 21. c5 Qf6 22. Ne5 Rfd8 23. c6 Ng5 24. Be2 a6 25. a4 bxa4 26. Rxa4 1-0

[Event "Gelsenkirchen Silvester op 1st"]
[Site "Gelsenkirchen"]
[Date "2013.12.27"]
[Round "2"]
[White "Hanke, Stefan"]
[Black "Hirschberg, Markus"]
[Result "1-0"]
[WhiteElo "1990"]
[BlackElo "1732"]
[PlyCount "59"]
[EventDate "2013.12.27"]
[EventType "swiss"]
[EventRounds "5"]
[EventCountry "GER"]
[SourceTitle "EXT 2019"]
[Source "ChessBase"]
[SourceDate "2018.10.10"]
[SourceVersion "1"]
[SourceVersionDate "2018.10.10"]
[SourceQuality "1"]

1. d4 Nf6 2. c4 g6 3. g3 Bg7 4. Bg2 0-0 5. Nc3 d6 6. Nf3 Nbd7 7. h3 e5 8. e4 Nb6 9. b3 Nfd7 10. 0-0 f5 11. exf5 gxf5 12. dxe5 Nxe5 13. Nd4 Qf6 14. Nde2 c6 15. Be3 Qe7 16. a4 Nbd7 17. Qd2 Nc5 18. Rab1 Be6 19. Bg5 Bf6 20. Bxf6 Rxf6 21. Nf4 a5 22. Rfd1 Bf7 23. Qc2 Na6 24. Re1 Nb4 25. Qd2 Qc7 26. Rbd1 Re8 27. Na2 Na6 28. Qc3 Nc5 29. Nc1 Qd8 30. Rxe5 1-0